[Event "26th Liechtenstein Open"]
[Site "Triesen LIE"]
[Date "2008.05.02"]
[Round "8"]
[White "Zechner,A"]
[Black "Mannhart,M"]
[Result "1-0"]
[WhiteElo "1959"]
[BlackElo "2205"]

1.d4 Nf6 2.c4 Nc6 3.Nc3 e5 4.d5 Ne7 5.h4 Neg8 6.Nf3 e4 7.Ng5 Bb4 8.Bd2 Bxc3
9.Bxc3 Qe7 10.e3 d6 11.Be2 Kf8 12.Nh3 Nd7 13.Nf4 Ngf6 14.g4 h6 15.Qd4 Ne5
16.Rg1 g5 17.hxg5 hxg5 18.Nh5 Nxh5 19.gxh5 f5 20.O-O-O g4 21.Rh1 Rh6 22.Kb1 b6
23.Rh2 a5 24.Qd2 Ba6 25.b3 Kf7 26.Rdh1 Rg8 27.Qe1 Kf8 28.Qg1 Bc8 29.Qg3 Nf3
30.Bxf3 gxf3 31.Qh3 Bd7 32.Qf1 Be8 33.Qd1 Rg5 34.Qd4 Qh7 35.a3 Qg8 36.Qd1 Rg2
37.Qf1 Qg4 38.Kc2 Rxh2 39.Rxh2 Rxh5 40.Qh1 f4 41.Bd4 fxe3 42.Bxe3 Ke7 43.b4 axb4
44.axb4 Qf5 45.Rxh5 Qxh5 46.Qa1 Qf5 47.Qg7+ Qf7 48.Bg5+ Kd7 49.Qa1 e3 50.Qa4+ b5
51.Qxb5+ Kc8 52.Qa6+ Kb8 53.Bxe3 Qg7 54.Ba7+  1-0

[Event "Mayors Cup Open"]
[Site "Mumbai IND"]
[Date "2008.05.11"]
[Round "1"]
[White "Negandhi,D"]
[Black "Babu,NS"]
[Result "0-1"]
[WhiteElo "1756"]
[BlackElo "2356"]

1.d4 Nf6 2.c4 Nc6 3.Nf3 e6 4.Bg5 h6 5.Bh4 Bb4+ 6.Nc3 Bxc3+ 7.bxc3 d6 8.e3 Qe7
9.Qc2 e5 10.d5 Nb8 11.e4 Na6 12.Nd2 g5 13.Bg3 Nh5 14.Be2 Nf4 15.Bxf4 exf4
16.f3 Nc5 17.Nb3 Nd7 18.Nc1 Ne5 19.Qa4+ Bd7 20.Qb3 b6 21.Nd3 Ng6 22.g3 f5
23.O-O-O fxe4 24.fxe4 O-O-O 25.gxf4 Qxe4 26.Rhe1 Nxf4 27.Bf1 Nxd3+ 28.Bxd3 Qf4+
29.Kb1 Rde8 30.Rf1 Qxh2 31.Rf7 Qh3 32.Qc2 Rhf8 33.Rdf1 Re1+ 34.Kb2 Rxf7 35.Rxf7 Qe3
36.Bf5 Bxf5 37.Qxf5+ Kb7 38.Rf8 Qc1+ 39.Kb3 Qb1+ 40.Qxb1 Rxb1+ 41.Kc2 Ra1  0-1

[Event "Mayors Cup Open"]
[Site "Mumbai IND"]
[Date "2008.05.11"]
[Round "1"]
[White "Kumthekar,S"]
[Black "Ram,S"]
[Result "0-1"]
[WhiteElo "1677"]
[BlackElo "2299"]

1.d4 Nf6 2.c4 Nc6 3.d5 Ne5 4.e4 e6 5.Nc3 Bb4 6.Qd4 d6 7.f3 O-O 8.Be3 exd5
9.cxd5 c5 10.Qd2 a6 11.Bd3 Re8 12.Nge2 Qe7 13.O-O Nxd5 14.exd5 Nxd3 15.Qxd3 Qxe3+
16.Qxe3 Rxe3 17.Kf2 Re5 18.Rfd1 f5 19.Rac1 b5 20.f4 Re7 21.Ng3 g6 22.Re1 Rxe1
23.Rxe1 Bb7 24.Rd1 Re8 25.Nge2 Kf7 26.h3 Ba5 27.g4 b4 28.Nb1 c4 29.g5 Bb6+
30.Kf1 Re3 31.Ng1 Rg3 32.Ne2 Rxh3 33.Kg2 Rd3  0-1

[Event "Mayors Cup Open"]
[Site "Mumbai IND"]
[Date "2008.05.12"]
[Round "2"]
[White "Snehal,B"]
[Black "Vidit,S"]
[Result "0-1"]
[WhiteElo "2056"]
[BlackElo "2337"]

1.d4 Nf6 2.c4 Nc6 3.Nc3 e5 4.d5 Ne7 5.e4 Ng6 6.Nf3 Bc5 7.Bd3 O-O 8.O-O a6
9.a3 d6 10.b4 Ba7 11.Bg5 h6 12.Bd2 Nh5 13.Ne1 Nhf4 14.Be2 f5 15.Bf3 Nh4 16.Bxf4 exf4
17.Nd3 Bd4 18.Rc1 Qf6 19.Ne2 Nxf3+ 20.gxf3 fxe4 21.fxe4 Qg6+ 22.Kh1 Bh3 23.Ndxf4 Qxe4+
24.f3 Qxf4 25.Re1 Bf2  0-1

[Event "Mayors Cup Open"]
[Site "Mumbai IND"]
[Date "2008.05.12"]
[Round "3"]
[White "Ghosh,D"]
[Black "Ram,S"]
[Result "0-1"]
[WhiteElo "1997"]
[BlackElo "2299"]

1.d4 Nf6 2.c4 Nc6 3.Nf3 e6 4.Nc3 Bb4 5.Qc2 d6 6.Bg5 h6 7.Bh4 g5 8.Bg3 g4
9.Nd2 Nxd4 10.Qd3 e5 11.e4 Nh5 12.Nd5 Bxd2+ 13.Qxd2 c6 14.Ne3 Qg5 15.Bd3 Be6
16.O-O-O O-O-O 17.Nc2 Nxc2 18.Kxc2 Rhf8 19.Qxg5 hxg5 20.f3 Nf4 21.Bxf4 gxf4
22.h3 gxh3 23.gxh3 f5 24.exf5 Bxf5 25.Bxf5+ Rxf5 26.Rdg1 Rh5 27.h4 d5 28.cxd5 cxd5
29.Kd3 Re8 30.Rg7 Re6 31.Rg8+ Kd7 32.Rc1 Re8 33.Rg7+ Re7 34.Rg8 Rxh4 35.Rcc8 Rh3
36.Rcd8+ Ke6  0-1

[Event "Mayors Cup Open"]
[Site "Mumbai IND"]
[Date "2008.05.13"]
[Round "4"]
[White "Safin,S"]
[Black "Vidit,S"]
[Result "1-0"]
[WhiteElo "2481"]
[BlackElo "2337"]

1.d4 Nf6 2.c4 Nc6 3.Nf3 e6 4.e3 Bb4+ 5.Nbd2 d6 6.a3 Bxd2+ 7.Qxd2 a5 8.b3 O-O
9.Bb2 Qe7 10.Be2 e5 11.d5 Nb8 12.O-O Bf5 13.Nh4 Bd7 14.Qc2 e4 15.f4 Ne8 16.g3 f5
17.b4 Nf6 18.Rfd1 Na6 19.Qc3 b6 20.Qd2 Rfb8 21.Bd4 Qf7 22.Rab1 a4 23.Rbc1 h6
24.Bb2 Kh7 25.Ng2 Rb7 26.Ne1 Rbb8 27.Nc2 Rg8 28.Nd4 Ne8 29.Rf1 Nf6 30.Rf2 Raf8
31.Rcf1 Bc8 32.Rg2 h5 33.h3 Rh8 34.Kf2 Kg8 35.Rfg1 Qg6 36.Nc6 Rf7 37.Qd1 Qh6
38.Qxa4 Kh7 39.Qd1 Rg8 40.Bxf6 Rxf6 41.Ne7 Re8 42.Nxc8 Rxc8 43.c5 Nb8  1-0

[Event "Mayors Cup Open"]
[Site "Mumbai IND"]
[Date "2008.05.15"]
[Round "7"]
[White "Navalgund,N"]
[Black "Priyadharshan,K"]
[Result "0-1"]
[WhiteElo "2086"]
[BlackElo "2317"]

1.d4 Nf6 2.c4 Nc6 3.Nc3 e5 4.d5 Ne7 5.e4 Ng6 6.g3 Bc5 7.Bg2 a6 8.h3 d6 9.Nge2 O-O
10.O-O Bd7 11.Qd3 Qc8 12.Kh2 b5 13.b3 bxc4 14.bxc4 Ne8 15.g4 Qd8 16.Rb1 Qh4
17.Qg3 Nf6 18.Qxh4 Nxh4 19.Bg5 Ng6 20.Ng3 Nf4 21.Bxf6 gxf6 22.Nce2 Nxe2 23.Nxe2 Rfb8
24.Kg3 Ba4 25.Nc3 Bc2 26.Rxb8+ Rxb8 27.Rc1 Rb2 28.a4 Bd3 29.Nd1 Rc2 30.Rb1 Bxc4
31.Rb8+ Kg7 32.Rc8 Be2 33.Bf3 Bxd1 34.Bxd1 Rd2 35.Bf3 Bxf2+ 36.Kg2 Bb6+ 37.Kg3 Rd4
38.Kh4 Rd3 39.Bg2 Kh6 40.g5+ fxg5+ 41.Kg4 Kg7 42.Bf1 Rd4 43.Bg2 Rxa4 44.Kxg5 Ra3
45.Kg4 Bf2 46.Bf3 h5+ 47.Kxh5 Rxf3 48.h4 Rf4 49.Kg5 Bxh4+ 50.Kh5 Bf2 51.Rxc7 Bc5
52.Rc8 Rxe4 53.Kg5 Rd4 54.Ra8 Rxd5  0-1

[Event "I Open"]
[Site "Augustow POL"]
[Date "2008.05.17"]
[Round "9"]
[White "Kiolbasa,D"]
[Black "Kovalev,An"]
[Result "0-1"]
[WhiteElo "1470"]
[BlackElo "2560"]

1.d4 Nf6 2.c4 Nc6 3.Nc3 e5 4.Nf3 exd4 5.Nxd4 Bb4 6.Nxc6 bxc6 7.Bd2 O-O 8.e3 d5
9.Be2 Rb8 10.O-O Bd6 11.Qc2 Bd7 12.f4 Re8 13.Bf3 Bg4 14.Kh1 Qd7 15.Rae1 Bxf3
16.Rxf3 Bb4 17.Rh3 g6 18.a3 Bxc3 19.Bxc3 Ne4 20.Rd1 Qf5 21.Qe2 Rb3 22.Be5 Rxe5  0-1

[Event "Mayors Cup Open"]
[Site "Mumbai IND"]
[Date "2008.05.18"]
[Round "10"]
[White "Safin,S"]
[Black "Ram,S"]
[Result "0-1"]
[WhiteElo "2481"]
[BlackElo "2299"]

1.d4 Nf6 2.c4 Nc6 3.Nf3 e6 4.e3 g6 5.d5 Ne7 6.Nc3 Bg7 7.e4 d6 8.Be2 O-O 9.O-O exd5
10.cxd5 c6 11.dxc6 bxc6 12.Bg5 d5 13.exd5 Nexd5 14.Qd2 Qa5 15.Nxd5 Qxd5 16.Rfd1 Qxd2
17.Nxd2 Rb8 18.Nc4 Be6 19.Be3 Bxc4 20.Bxc4 Rxb2 21.Bxa7 Nd5 22.Rab1 Rc2 23.Bb3 Re2
24.Re1 Rd2 25.Rbd1 Rb2 26.Bc5 Ra8 27.Kf1 h5 28.g3 Bf6 29.Rd3 Kg7 30.Rf3 Rd2
31.h4 Bd4 32.Bd6 Rd8 33.Ba3 Bb2 34.Be7 Re8 35.Bc5 Ra8 36.Re4 Bf6 37.Rc4 Re8
38.Ra4 Re5 39.Ba3 Rf5 40.Rxf5 gxf5 41.Bc1 Rd4 42.Rxd4 Bxd4 43.Bxd5 cxd5 44.Be3 Bc3
45.Ke2 Kf6 46.Kd3 Be1 47.Kd4 Ke6 48.Kc5 Ke5 49.a4 Ke4 50.Bd4 Ba5 51.Bf6 Be1
52.Bd4 Ba5 53.f4 Be1 54.Bg1 Bd2 55.Bd4 Be1 56.Be5 Bxg3 57.a5 Bxh4 58.Bd4 Be7+  0-1

[Event "Capo d'Orso Open"]
[Site "Porto Mannu Palau ITA"]
[Date "2008.05.23"]
[Round "8"]
[White "Garcia Palermo,C"]
[Black "Klings,P"]
[Result "1-0"]
[WhiteElo "2465"]
[BlackElo "2173"]

1.d4 Nf6 2.c4 Nc6 3.Nf3 e6 4.a3 d6 5.Nc3 g6 6.g3 Bg7 7.Bg2 O-O 8.O-O Re8
9.h3 a6 10.Be3 Ne7 11.Qc2 Bd7 12.Rad1 Qc8 13.Kh2 Nf5 14.Bg5 e5 15.dxe5 dxe5
16.e4 Nd4 17.Nxd4 exd4 18.Bxf6 Bxf6 19.Nd5 Bg7 20.f4 Qd8 21.c5 Bb5 22.Rfe1 a5
23.e5 d3 24.Qc3 Qd7 25.Re3 Rad8 26.Qxa5 c6 27.Nc7 Qd4 28.Nxe8 Rxe8 29.Qd2 g5
30.Rxd3 Bxd3 31.Qxd3 Qxb2 32.Rb1 Qf2 33.e6 Rxe6 34.Qd8+ Bf8 35.Rxb7 gxf4
36.Qg5+ Rg6 37.Qxf4 Qxf4 38.gxf4 Bxc5 39.a4 Bd6 40.a5 Bxf4+ 41.Kg1 Rd6 42.Bf1 Rd4
43.a6 Kg7 44.a7 Ra4 45.Rb4 Rxa7 46.Rxf4 Re7 47.Rc4 Kf6 48.Rxc6+ Kg5 49.Rc4 f5
50.h4+ Kh5 51.Bg2 Re5 52.Bf3+ Kg6 53.Kg2 Ra5 54.Kg3 Rb5 55.Rc6+ Kg7 56.Kf4 h6
57.h5 Ra5 58.Rg6+ Kh7 59.Rd6 Ra7 60.Bd5 Rg7 61.Ke5 Re7+ 62.Kf6 Ra7 63.Be6  1-0

[Event "Guillermo Garcia Mem"]
[Site "Santa Clara CUB"]
[Date "2008.05.26"]
[Round "8"]
[White "Glud,J"]
[Black "Nogueiras Santiago,J"]
[Result "0-1"]
[WhiteElo "2456"]
[BlackElo "2559"]

1.d4 Nf6 2.c4 Nc6 3.Nf3 e6 4.g3 d5 5.cxd5 exd5 6.Bg2 Bb4+ 7.Bd2 Bxd2+ 8.Nbxd2 O-O
9.O-O Re8 10.Nb3 b6 11.Rc1 Bb7 12.a3 a5 13.Rc2 a4 14.Nc1 Na5 15.Nd3 Ne4 16.Qc1 Nb3
17.Qf4 c5 18.h4 Qe7 19.Rd1 Rad8 20.g4 f6 21.e3 Bc8 22.dxc5 bxc5 23.Nh2 g5
24.Qf3 Bb7 25.Nf1 d4 26.Qh3 Ba6 27.Re2 Bxd3 28.Rxd3 Nc1 29.Red2 Nxd2 30.Rxd2 dxe3
31.Bd5+ Rxd5  0-1

[Event "Doroshkevich mem"]
[Site "Maykop RUS"]
[Date "2008.05.29"]
[Round "6"]
[White "Karpov,Va"]
[Black "Kondenko,A"]
[Result "0-1"]
[WhiteElo "2371"]
[BlackElo "2241"]

1.d4 Nf6 2.c4 Nc6 3.Nf3 d6 4.g3 g6 5.Bg2 Bg7 6.Nc3 O-O 7.O-O Bf5 8.d5 Na5
9.Nd4 Bd7 10.b3 c5 11.dxc6 Nxc6 12.Bb2 Qa5 13.e3 Rac8 14.Nde2 a6 15.a4 Ng4
16.h3 Nh6 17.Rb1 Bf5 18.e4 Bd7 19.Nd5 Qd8 20.Bxg7 Kxg7 21.Qd2 f6 22.Qe3 Nf7
23.Nb6 Rc7 24.Rfd1 Nb4 25.a5 Ne5 26.Nf4 g5 27.Ne2 Qe8 28.Nd4 Kh8 29.Qd2 Nbc6
30.Nf5 Qg6 31.Nd5 e6 32.Nxc7 exf5 33.Qxd6 Rf7 34.Re1 f4 35.Qd1 Qh6 36.g4 f3
37.Bxf3 Qxh3 38.Bg2 Qh4 39.f3 h5 40.gxh5 g4 41.f4 Nf3+ 42.Kf1 Ncd4 43.Rb2 Qg3
44.Nd5 Nh2+ 45.Kg1 Ndf3+ 46.Kh1 Qh4 47.Bxf3 Nxf3+ 48.Kg2 Nxe1+ 49.Kf1 Qh1+  0-1

[Event "XVI Lasker Mem Open A"]
[Site "Barlinek POL"]
[Date "2008.06.02"]
[Round "3"]
[White "Koziak,V"]
[Black "Bebel,A"]
[Result "1-0"]
[WhiteElo "2484"]
[BlackElo "2192"]


1.d4 Nf6 2.c4 Nc6 3.Nf3 e6 4.a3 d6 5.Nc3 g6 6.e4 Bg7 7.Be2 O-O 8.O-O e5 9.d5 Ne7
10.b4 a5 11.Rb1 axb4 12.axb4 Nh5 13.Re1 h6 14.Nd2 Nf4 15.Bf1 g5 16.c5 f5
17.Nc4 fxe4 18.cxd6 cxd6 19.Nxe4 Nfxd5 20.Ncxd6 Nb6 21.Nc5 Nbd5 22.Nce4 b6
23.Bc4 Be6 24.Qb3 Qd7 25.Rd1 Qa4 26.Be3 Qxb3 27.Bxb3 Rfb8 28.Bxg5 hxg5 29.Nxg5 Rd8
30.Nxe6 Rxd6 31.Nc7 Rad8 32.Nxd5 Nxd5 33.Rxd5 Rxd5 34.Rd1 Bf8 35.Rxd5 Rxd5
36.Bxd5+ Kg7 37.b5 Kf6 38.g3 Bb4 39.Kg2 Be1 40.f3 Kg6 41.h4 Kh6 42.Kh3 Kg6
43.g4 Bb4 44.Be4+ Kh6 45.g5+ Kh5 46.Bd5 Kg6 47.Kg4 Bd2 48.h5+ Kg7 49.h6+  1-0

[Event "4th Open"]
[Site "Lodi ITA"]
[Date "2008.06.15"]
[Round "5"]
[White "Vezzosi,P"]
[Black "Bove,A"]
[Result "1-0"]
[WhiteElo "2351"]
[BlackElo "2215"]

1.d4 Nf6 2.c4 Nc6 3.Nf3 d6 4.d5 Ne5 5.Nxe5 dxe5 6.Nc3 e6 7.e4 Bc5 8.Be2 a6
9.O-O Bd4 10.Qd3 Nd7 11.Qg3 O-O 12.Bh5 Kh8 13.Ne2 Bc5 14.Be3 Qe7 15.Rac1 f5
16.Bxc5 Qxc5 17.Qh4 Nf6 18.dxe6 f4 19.Bf7 f3 20.Ng3 Qc6 21.gxf3 Bxe6 22.Bxe6 Qxe6
23.Rfd1 Rf7 24.b3 Raf8 25.Rc3 Ne8 26.Kg2 c6 27.Rd8 Rf4 28.Qh5 Qe7 29.Rcd3 Rh4
30.R3d7 Qxd8 31.Rxd8 Rxh5 32.Nxh5 Kg8 33.f4 g6 34.Rxe8  1-0

[Event "White Nights Open"]
[Site "St Petersburg RUS"]
[Date "2008.06.21"]
[Round "1"]
[White "Usov,I"]
[Black "Zhuravliov,M"]
[Result "0-1"]
[WhiteElo "2017"]
[BlackElo "2019"]

1.d4 Nf6 2.c4 Nc6 3.d5 Ne5 4.Qd4 d6 5.Nf3 c5 6.Qd1 e6 7.Nxe5 dxe5 8.Nc3 exd5
9.cxd5 Bd6 10.e4 O-O 11.Be2 a6 12.a4 b6 13.O-O Qc7 14.Bg5 Nd7 15.Qd3 Bb7
16.Rad1 Rac8 17.Qh3 c4 18.Bg4 Nc5 19.Bf5 g6 20.Bf6 Rfe8 21.Bxc8 Bxc8 22.Qh6 Bf8
23.d6 Qc6 24.Qh4 Bxd6 25.Rxd6 Qxd6 26.Nd5 Bb7 27.Ne7+ Rxe7 28.Bxe7 Qd4 29.Bxc5 bxc5
30.Re1 Kg7 31.Qg4 Qxb2 32.Qg5 Bxe4 33.h4 Qd4 34.h5 h6 35.Qh4 Bf5 36.Qe7 e4
37.g4 e3 38.Rxe3 Qxg4+ 39.Rg3 Qxh5 40.Qe5+ Kh7 41.Qd5 Be6 42.Qxh5 gxh5 43.a5 h4
44.Re3 c3 45.Rxc3 c4 46.Re3 Kg7 47.Re5 Kf6 48.Rc5 Ke7 49.Rh5 Kd6 50.Kf1 h3
51.Ke2 Bg4+  0-1

[Event "Serbia Cup"]
[Site "Zlatibor SRB"]
[Date "2008.06.22"]
[Round "7"]
[White "Draskovic,D"]
[Black "Mozetic,D"]
[Result "1-0"]
[WhiteElo "2145"]
[BlackElo "2414"]

1.d4 Nf6 2.c4 Nc6 3.Nc3 e5 4.dxe5 Nxe5 5.e3 g6 6.Nf3 Nxf3+ 7.Qxf3 Bg7 8.Nd5 d6
9.Nxf6+ Qxf6 10.Qxf6 Bxf6 11.Bd3 Be6 12.e4 a6 13.a4 O-O-O 14.Rb1 c6 15.O-O d5
16.cxd5 cxd5 17.Bf4 Rd7 18.b4 g5 19.Bg3 dxe4 20.Bxe4 Bd4 21.Rfd1 f5 22.Rbc1+ Kd8
23.Bc7+ Rxc7 24.Rxd4+ Kc8 25.Rxc7+ Kxc7 26.Bd3 f4 27.f3 h6 28.a5 Rd8 29.Rxd8 Kxd8
30.Kf2 Kc7 31.Ke2 Bd5 32.Kd2 Kd6 33.Kc3 Ke5 34.h3 h5 35.Bc4 Bc6 36.Bf7 g4
37.Bxh5 Bxf3 38.Bxg4 Bxg2 39.Kd3 Bc6 40.h4 Bb5+ 41.Kd2 Ke4 42.h5 Ke5 43.h6 Kf6
44.Bf5 Bc6 45.h7 Kg7 46.Kd3 Kh8 47.Be4 Bb5+ 48.Kd4 Be2 49.Bxb7 Kxh7 50.Ke4 Kg6
51.Kxf4 Kf6 52.Ke3  1-0

[Event "ChInt Open"]
[Site "Paris FRA"]
[Date "2008.07.01"]
[Round "4"]
[White "Lalic,B"]
[Black "Carpentier,P"]
[Result "1-0"]
[WhiteElo "2514"]
[BlackElo "2213"]

1.d4 Nf6 2.c4 Nc6 3.Nc3 e5 4.d5 Ne7 5.Nf3 Ng6 6.h4 h5 7.Bg5 Be7 8.e3 d6 9.Bd3 Nf8
10.c5 Ng4 11.Bxe7 Qxe7 12.cxd6 cxd6 13.Rc1 Nd7 14.Ng5 O-O 15.Be2 Nc5 16.b4 Na6
17.a3 g6 18.Qd2 Nc7 19.f3 Nh6 20.e4 Kg7 21.f4 f6 22.Nf3 Ng4 23.O-O Bd7 24.fxe5 fxe5
25.Ng5 Rxf1+ 26.Rxf1 Rf8 27.Rc1 Ne8 28.Bxg4 hxg4 29.Qe3 b6 30.Nd1 Bb5 31.Ne6+ Kg8
32.Nxf8 Qxf8 33.Nf2 Bd7 34.Qg5  1-0

[Event "5th Sth Wales Int"]
[Site "Trefforst WLS"]
[Date "2008.07.05"]
[Round "1"]
[White "Wells,P"]
[Black "Varley,P"]
[Result "1-0"]
[WhiteElo "2526"]
[BlackElo "2254"]

1.d4 Nf6 2.c4 Nc6 3.Nf3 e6 4.g3 d5 5.Bg2 dxc4 6.Qa4 Bb4+ 7.Bd2 Bxd2+ 8.Nbxd2 O-O
9.Qxc4 Qd6 10.Qc3 Nd5 11.Qb3 Rd8 12.O-O Nb6 13.Ne4 Qd5 14.Qc2 Qc4 15.Rfc1 Qxc2
16.Rxc2 Nxd4 17.Nxd4 Rxd4 18.Rxc7 Nd5 19.Rcc1 Bd7 20.a3 Bc6 21.e3 Rd3 22.Nc5 Rd2
23.Rab1 a5 24.Nb3 Rd3 25.Nd4 Rc8 26.Be4 Rxd4 27.exd4 Rd8 28.Rc5 Ne7 29.Bxc6 Nxc6
30.Rd1 g6 31.d5 exd5 32.Rcxd5 Rb8 33.Rb5  1-0

[Event "Sparkassen Open"]
[Site "Dortmund GER"]
[Date "2008.07.06"]
[Round "9"]
[White "Overbeck,T"]
[Black "Hausrath,D"]
[Result "0-1"]
[WhiteElo "2185"]
[BlackElo "2505"]

1.d4 Nf6 2.c4 Nc6 3.Nf3 e6 4.Nc3 Bb4 5.Qc2 d6 6.Bd2 O-O 7.a3 Bxc3 8.Bxc3 Qe7
9.e3 e5 10.dxe5 dxe5 11.Be2 a5 12.b3 Bg4 13.O-O Rad8 14.h3 Bh5 15.Nxe5 Nxe5
16.Bxh5 Nxh5 17.Qf5 f6 18.Qxh5 Rd3 19.Rfc1 b6 20.Qe2 Rfd8 21.Qc2 Ng6 22.Bd4 Nf4
23.Rd1 Qe4 24.exf4 Rxd1+ 25.Qxd1 Rxd4 26.Qe1 Qxe1+ 27.Rxe1 Kf7 28.a4 Rxf4
29.Re3 Rd4 30.Kf1 Rd2 31.h4 f5 32.g3 g6 33.Kg2 Kf6 34.Kf3 Rb2 35.Rd3 Ke6
36.Ke3 h6 37.f4 Rb1 38.Kf3 Kf6 39.Kf2 g5 40.fxg5+ hxg5 41.hxg5+ Kxg5 42.Kf3 Rb2
43.Re3 Rd2 44.Rc3 Rd6 45.Re3 Kf6 46.g4 fxg4+ 47.Kxg4 Re6 48.Rd3 Ke7 49.Kf3 Rd6
50.Re3+ Kd7 51.Kf2 Kc6 52.Ke2 Kc5 53.Rh3 Kb4 54.Ke1 Ka3 55.Ke2 Kb2 56.Rh7 c5
57.Rh3 Kc2 58.Rg3 Rd2+ 59.Ke1 Rd3 60.Rg6 Re3+  0-1

[Event "5th Sth Wales Int"]
[Site "Trefforst WLS"]
[Date "2008.07.06"]
[Round "3"]
[White "Jones,J"]
[Black "Varley,P"]
[Result "0-1"]
[WhiteElo "1649"]
[BlackElo "2254"]

1.d4 Nf6 2.c4 Nc6 3.Nc3 e5 4.d5 Ne7 5.e4 Ng6 6.Nge2 Bc5 7.h3 a5 8.Be3 Bxe3
9.fxe3 Nh5 10.Kd2 d6 11.g4 Nf6 12.Ng3 h6 13.Nf5 Kf8 14.Qe1 h5 15.g5 Nxe4+
16.Nxe4 Bxf5 17.Bd3 Qd7 18.h4 Bxe4 19.Bxe4 Qg4 20.Bxg6 fxg6 21.Qe2 Qd7 22.Qd3 Qe8
23.Raf1+ Kg8 24.Rf2 Kh7 25.Rhf1 c6 26.Rf7 cxd5 27.Qxd5 Rg8 28.Qe4 d5 29.cxd5 Qb5
30.R1f6 Qxb2+ 31.Kd1 Qa1+ 32.Kd2 Qxa2+ 33.Kd1 Kh8 34.Qxg6 Qxd5+ 35.Ke2 Qg2+
36.Kd3 Rgd8+ 37.Rd6 e4+ 38.Kd4 Rxd6+ 39.Qxd6 Qd2+ 40.Ke5 Re8+  0-1

[Event "36th TCh-GRE"]
[Site "Kallithea Halkidiki GRE"]
[Date "2008.07.07"]
[Round "2"]
[White "Tsiahtsiras,G"]
[Black "Kiratzopoulos,E"]
[Result "0-1"]
[WhiteElo "1770"]
[BlackElo "2125"]

1.d4 Nf6 2.c4 Nc6 3.Nf3 e6 4.Nc3 Bb4 5.Bd2 O-O 6.e3 d6 7.Bd3 e5 8.d5 Nb8
9.Qc2 Nbd7 10.O-O Bxc3 11.Bxc3 Qe7 12.Ng5 h6 13.Ne4 a5 14.Nxf6+ Nxf6 15.Qd2 b6
16.b4 axb4 17.Bxb4 Bd7 18.Bc2 Ra7 19.a4 Rfa8 20.a5 bxa5 21.Rxa5 Rxa5 22.Bxa5 Ne8
23.Ra1 Qg5 24.Kf1 Qh4 25.h3 Qxc4+ 26.Qd3 Bb5 27.Qxc4 Bxc4+ 28.Kg1 Bxd5 29.Bd3 g6
30.e4 Be6 31.Bb5 Kf8 32.Bc6 Ra7 33.Kh2 Nf6 34.g3 Bd7 35.Bxd7 Nxd7 36.f4 Ke7
37.fxe5 Nxe5 38.Bc3 Rxa1 39.Bxa1 Ke6 40.Bc3 f5 41.exf5+ Kxf5 42.Bd2 h5 43.Ba5 c5
44.Kg2 d5 45.Kf2 Ke4 46.Ke2 d4 47.Kd2 Nc4+ 48.Kd1 Nxa5 49.g4 hxg4 50.hxg4 c4
51.g5 c3 52.Kc2 Ke3 53.Kd1 d3 54.Kc1 Nb3+ 55.Kd1 c2+ 56.Ke1 c1=R+  0-1

[Event "36th TCh-GRE"]
[Site "Kallithea Halkidiki GRE"]
[Date "2008.07.09"]
[Round "6"]
[White "Haratsidis,V"]
[Black "Kiratzopoulos,E"]
[Result "0-1"]
[WhiteElo "2001"]
[BlackElo "2125"]

1.d4 Nf6 2.c4 Nc6 3.Nf3 e6 4.a3 d6 5.Nc3 g6 6.e4 Bg7 7.h3 O-O 8.Bg5 h6 9.Be3 Re8
10.Bd3 Nd7 11.Be2 e5 12.d5 Ne7 13.Qd2 Kh7 14.g4 a5 15.h4 Nc5 16.Bxc5 dxc5
17.h5 g5 18.Nh2 Bd7 19.Nf1 Nc8 20.Ng3 Nd6 21.Nd1 Qf6 22.Ne3 Qf4 23.Qc2 Bf8
24.Nef5 b5 25.Nxd6 Bxd6 26.Nf5 Reb8 27.Rh3 Bxf5 28.gxf5 bxc4 29.Rf3 Qh2 30.O-O-O Rb3
31.Rxb3 cxb3 32.Qxb3 Qxf2 33.Qf3 Qh4 34.Kc2 Rb8 35.Bc4 Qh2+ 36.Qe2 Qg3 37.Rd3 Qh4
38.Rd1 g4 39.Rg1 Rg8 40.Kb3 Qxh5 41.Ka4 Qg5 42.Kxa5 h5 43.Kb5 Rb8+ 44.Ka4 Kg7
45.f6+ Qxf6 46.Rf1 Qg6 47.Rf5 f6 48.Bb5 h4 49.Rf1 g3 50.Bd7 h3  0-1

[Event "ch-PHI Finals"]
[Site "Mandaluyong PHI"]
[Date "2008.07.13"]
[Round "17"]
[White "Pascua,H"]
[Black "Sadorra,J"]
[Result "0-1"]
[WhiteElo "2174"]
[BlackElo "2470"]

1.d4 Nf6 2.c4 Nc6 3.Nf3 e6 4.g3 d5 5.Bg2 dxc4 6.O-O Rb8 7.a4 Na5 8.Nbd2 c5
9.dxc5 Bxc5 10.Ne5 c3 11.bxc3 O-O 12.Bb2 b6 13.Qc2 Bb7 14.Ne4 Bxe4 15.Bxe4 Qc7
16.Nf3 Nxe4 17.Qxe4 Be7 18.Ne5 f5 19.Qe3 Bc5 20.Qf4 Bd6 21.c4 Nc6 22.Nxc6 Bxf4
23.Nxb8 Bg5  0-1

[Event "19th Czech Chladek & Tintera A Open"]
[Site "Pardubice CZE"]
[Date "2008.07.19"]
[Round "2"]
[White "Luch,M"]
[Black "Epishin,V"]
[Result "0-1"]
[WhiteElo "2412"]
[BlackElo "2574"]

1.d4 Nf6 2.c4 Nc6 3.Nf3 e6 4.Nc3 d5 5.cxd5 exd5 6.Bg5 Be7 7.e3 O-O 8.a3 Ne4
9.Bxe7 Nxe7 10.Nxe4 dxe4 11.Nd2 f5 12.Qb3+ Kh8 13.Rc1 c6 14.Be2 Nd5 15.g3 Qe7
16.Qc2 Be6 17.Nc4 Rad8 18.Ne5 Qf6 19.b4 Qh6 20.h4 f4 21.gxf4 Nxf4 22.exf4 Qxf4
23.Bc4 Rxd4 24.Bxe6 Qxe5 25.Qc5 Qf6 26.Rh2 e3 27.Bh3 Rd5 28.Qc4 Rd2 29.Qc3 Qd6
30.Qxe3 Rd3 31.Qe4 Rd8 32.f4 Rxh3 33.Re2 h6  0-1

[Event "Ch-AY Boys U14"]
[Site "Tehran IRI"]
[Date "2008.07.19"]
[Round "6"]
[White "Ismailov,M"]
[Black "Vidit,S"]
[Result "1/2-1/2"]
[WhiteElo "1915"]
[BlackElo "2356"]

1.d4 Nf6 2.c4 Nc6 3.Nf3 e6 4.a3 g6 5.b3 Bg7 6.Bb2 d6 7.e3 O-O 8.Be2 e5 9.O-O exd4
10.exd4 Nh5 11.g3 Bg4 12.Nbd2 Re8 13.Re1 d5 14.Ne5 Bxe2 15.Rxe2 dxc4 16.Nxc6 bxc6
17.Nxc4  1/2-1/2

[Event "Politiken Cup"]
[Site "Helsingor DEN"]
[Date "2008.07.20"]
[Round "3"]
[White "Matthiesen,M"]
[Black "Eriksson,Mag1"]
[Result "1-0"]
[WhiteElo "2345"]
[BlackElo "2361"]

1.d4 Nf6 2.c4 Nc6 3.Nf3 e6 4.Nc3 Bb4 5.Qc2 d6 6.g3 O-O 7.a3 Bxc3+ 8.Qxc3 a5
9.b3 Qe7 10.Bg2 Re8 11.e3 Ne4 12.Qc2 d5 13.O-O Nb8 14.Bb2 c6 15.Ne5 f6 16.Nd3 Nd7
17.Nf4 Nd6 18.a4 g5 19.Nd3 Nf7 20.e4 dxc4 21.bxc4 b6 22.e5 fxe5 23.Bxc6 Rb8
24.Nxe5 Nfxe5 25.dxe5 Bb7 26.Bxb7 Rxb7 27.Rae1 Rc7 28.Re4 Qb4 29.Rg4 Kh8
30.Bc1 Rec8 31.Bxg5 Rxc4 32.Qd1 Rxg4 33.Qxd7 Rxg5 34.Qxc8+ Kg7 35.Qxe6 Rg6
36.Qd7+ Kh6 37.Qh3+ Kg7 38.Rd1  1-0

[Event "Politiken Cup"]
[Site "Helsingor DEN"]
[Date "2008.07.21"]
[Round "4"]
[White "Sachdev,T"]
[Black "Savchenko,B"]
[Result "0-1"]
[WhiteElo "2432"]
[BlackElo "2578"]

1.d4 Nf6 2.c4 Nc6 3.Nf3 e6 4.Nc3 Bb4 5.Bg5 h6 6.Bh4 g5 7.Bg3 Ne4 8.Qd3 d5
9.a3 Bxc3+ 10.bxc3 h5 11.h4 Nxg3 12.fxg3 dxc4 13.Qxc4 gxh4 14.Rxh4 Qd6 15.g4 b6
16.gxh5 Bb7 17.Rh3 O-O-O 18.e3 Kb8 19.Qb5 Rdg8 20.Kf2 f5 21.a4 a6 22.Qb2 e5
23.Bc4 Rg4 24.Rg1 e4 25.Nh2 Rg5 26.Qe2 f4 27.g4 Rf8 28.Rf1 Bc8 29.exf4 Bxg4
30.Nxg4 Rxf4+ 31.Ke1 Rgxg4 32.h6 Nxd4 33.cxd4 Qb4+ 34.Qd2 Qxc4 35.Rfh1 e3
36.Rxe3 Rxd4 37.Qc3 Qd5 38.Rf1 Rg2 39.Re8+ Kb7 40.Qf3 Rd1+  0-1

[Event "Politiken Cup"]
[Site "Helsingor DEN"]
[Date "2008.07.22"]
[Round "5"]
[White "Antonsen,M"]
[Black "Eriksson,Mag1"]
[Result "1-0"]
[WhiteElo "2455"]
[BlackElo "2361"]

1.d4 Nf6 2.c4 Nc6 3.Nf3 e6 4.Nc3 Bb4 5.Qc2 d6 6.Bg5 h6 7.Bd2 e5 8.a3 Bxc3
9.Bxc3 Qe7 10.d5 Nb8 11.e4 Bg4 12.Be2 a5 13.b4 axb4 14.axb4 Rxa1+ 15.Bxa1 O-O
16.O-O Na6 17.Bc3 Nb8 18.Ra1 Bc8 19.Bd2 Ne8 20.Ra8  1-0

[Event "95th ch-GBR"]
[Site "Liverpool ENG"]
[Date "2008.07.28"]
[Round "1"]
[White "Gibson,Ch"]
[Black "Gregory,S"]
[Result "0-1"]
[WhiteElo "2003"]
[BlackElo "2177"]

1.d4 Nf6 2.c4 Nc6 3.Nf3 d6 4.Nc3 e5 5.d5 Ne7 6.e4 Ng6 7.g3 Be7 8.h4 c6 9.h5 Nf8
10.h6 g6 11.Be2 cxd5 12.cxd5 N8d7 13.O-O O-O 14.Ng5 Kh8 15.f4 Ng8 16.Nf3 Nxh6
17.Kg2 exf4 18.gxf4 Ng4 19.Nd4 Ndf6 20.Rh1 Bd7 21.Nf3 Nh5 22.Qd4+ Bf6 23.e5 Bg7
24.Bd3 dxe5 25.fxe5 Qb6 26.Qxb6 axb6 27.Re1 Rae8 28.Nb5 Nxe5 29.Nd6 Nxd3
30.Rxe8 Bxe8 31.Bg5 Ndf4+ 32.Kf2 Nxd5 33.Rd1 Bc6  0-1

[Event "13th Open"]
[Site "Creon FRA"]
[Date "2008.07.29"]
[Round "3"]
[White "Maruejols,C"]
[Black "Alard,P"]
[Result "0-1"]
[WhiteElo "2044"]
[BlackElo "1871"]

1.d4 Nf6 2.c4 Nc6 3.d5 Ne5 4.e4 e6 5.Nc3 Bb4 6.f3 O-O 7.Bg5 h6 8.Bh4 Ng6
9.Bf2 d6 10.Ne2 exd5 11.cxd5 Nh5 12.Qd2 f5 13.exf5 Bxf5 14.O-O-O Ne5 15.Nd4 Bd7
16.Be3 Qf6 17.a3 Bxc3 18.Qxc3 Nf4 19.Rd2 Kh8 20.h4 Nxd5 21.Qb3 Nxe3 22.Qxe3 Rae8
23.Qb3 Nc6 24.Nb5 Re1+ 25.Rd1 Qf4+ 26.Kb1 Na5 27.Qc2 Rxd1+ 28.Qxd1 Qf5+ 29.Bd3 Qf7
30.Nc3 Bf5 31.Ne4 d5 32.Ng5 Bxd3+ 33.Qxd3 Qf5 34.Qxf5 Rxf5 35.Ne6 c6 36.Re1 Kg8
37.Ka2 Rf6 38.Nd8 Rf8 39.Ne6 Re8 40.f4 Kf7 41.f5 b6 42.Rc1 Nc4 43.b4 Rc8
44.g4 Ne3 45.Rg1 c5 46.bxc5 bxc5 47.Rg3 d4 48.Kb1 g6  0-1

[Event "13th Pannonia Cup"]
[Site "Balatonalmadi HUN"]
[Date "2008.07.31"]
[Round "3"]
[White "Kovacs,E"]
[Black "Huszar,Ri"]
[Result "1-0"]
[WhiteElo "2231"]
[BlackElo "2052"]

1.d4 Nf6 2.c4 Nc6 3.Nf3 e6 4.a3 d6 5.Bf4 Be7 6.h3 O-O 7.Nc3 Re8 8.e3 Bf8
9.Be2 Bd7 10.Bg5 e5 11.d5 Ne7 12.Bxf6 gxf6 13.g4 Kh8 14.h4 c6 15.g5 f5 16.h5 h6
17.e4 Rc8 18.Qd2 cxd5 19.cxd5 Qa5 20.gxh6 fxe4 21.b4 Qc7 22.Nxe4 Nf5 23.Nfg5 Re7
24.Rg1 Bxh6 25.Bg4 Qc2 26.Qxc2 Rxc2 27.Bxf5 Bxf5 28.Nxd6 Bxg5 29.Nxf5 Bd2+
30.Kd1 Rec7 31.d6  1-0